Entre comillas en Expansión /

में बचाया:
ग्रंथसूची विवरण
अन्य लेखक: Chao Barona, Enrique (edición) (edición)
स्वरूप: पुस्तक
भाषा:स्पेनिश
प्रकाशित: México : Expansión, 1992, c1992
विषय:
टैग: टैग जोड़ें
कोई टैग नहीं, इस रिकॉर्ड को टैग करने वाले पहले व्यक्ति बनें!

MARC

LEADER 00000nam^a2200000^a^4500
001 000311613
005 20250625000000.0
009 20260310113049.632
037 |a Acervo ITESO - Biblioteca 
041 |a ESP 
082 |a 338. 0972  |b EXP ENT V. 2 
240 1 1 |a [Expansión] 
245 0 0 |a Entre comillas en Expansión /  |c Ed. de E. Chao Barona. 
264 4 |a México :  |b Expansión,  |c 1992, c1992 
300 |a 70 p. 
336 |a texto  |b txt  |2 rdacontenido 
337 |a sin mediación  |b n  |2 rdamedio 
338 |a volumen  |b nc  |2 rdasoporte 
649 |a XX 
650 |a Aforismos 
650 |a Citas, Máximas, etc. 
700 |a Chao Barona, Enrique  |e (edición) 
910 |a Fondo General 
920 |a Impresos - Libros 
930 |a Colección General 
905 |a 101 
901 |a 0500198308  |b IT1  |c ACC  |d DT  |i D52832  |u 20250625 
902 |a https://opac.biblio.iteso.mx/vufind/Record/000311613